• 首页
  • 本馆介绍
  • 公告通知
  • 最新文献
  • 馆藏检索
  • 电子资源
  • 读者导购
  • 参考咨询
  • 我的图书馆
  • 登录
  • 详细信息显示
  • 放入我的书架
  • 预约/预借图书
  • 作者相关作品
  • 分类相关作品
  • 丛书相关作品
  • 出版社相关作品

书目信息

  • 表格格式
  • 工作单格式
  • 卡片格式
题名:
电力变压器安装
    
 
作者: 庞骏骐 著
分册:  
出版信息: 北京   水利电力出版社  1975
页数: 445页
开本: 19cm
丛书名:
单 册:
中图分类: TM41
科图分类:
主题词: 电力变压器 , 电力变压器--安装
电子资源:
ISBN:
000 00627nam0 2200229 45
001 0175002257
005 20060308160008.10
010    @dCNY1.05
100    @a19951010d1975 em y0chiy0121 ea
101 0  @achi
102    @aCN@b110000
105    @ay z 000yy
200 10 @a电力变压器安装@Adian li bian ya qi an zhuang@f庞骏骐著@Fpang jun qi zhu
210    @a北京@c水利电力出版社@d1975
215    @a445页@d19cm
606 0  @a电力变压器
606    @a电力变压器@x安装
690    @aTM41
701  0 @a庞骏骐@Apang jun qi@4著
801  2 @aCN@bNLC@c20060308
801  0 @aCN@b广东省中山图书馆@c20040521
905    @f1@b9879@dTM41@e2
    
    电力变压器安装/庞骏骐著.-北京:水利电力出版社,1975
    445页;19cm
    
    
    ISBN :CNY1.05
    
●
相关链接 在E读中查询图书 在五车中查询图书 在当当中查询图书 在豆瓣中查询图书


正题名:电力变压器安装     索取号:TM41/2         预约/预借

序号 登录号 条形码 馆藏地/架位号 状态 备注
1 0009875   202190226   密集书库/ [索取号:TM41/2] 在馆    
2 0009876   001345164   第二样本阅览室/ [索取号:TM41/2] 在馆    
3 0009879   001345208   第三借阅区/ [索取号:TM41/2] 在馆    
唐山师范学院图书馆 欢迎您!
大连网信软件有限公司© 版权所有